|
|
|
|
| LEADER |
01180nam a2200277 a 4500 |
| 001 |
693422 |
| 008 |
100304s1997 vaua b 001 0 eng d |
| 010 |
|
|
|a 96061208
|
| 020 |
|
|
|a 0939791676
|
| 040 |
|
|
|a NcU
|c NcU
|d DLC
|d DB-DhAAL
|
| 082 |
0 |
0 |
|a 428/.007
|2 21
|
| 245 |
0 |
0 |
|a New ways in content-based instruction /
|c Donna M. Brinton and Peter Master, editors.
|
| 260 |
|
|
|a Alexandria, VA :
|b Teachers of English to Speakers of Other Languages,
|c c1997.
|
| 300 |
|
|
|a x, 302 p. :
|b ill. ;
|c 21 cm.
|
| 490 |
0 |
|
|a New ways in TESOL series II
|
| 504 |
|
|
|a Includes bibliographical references and index.
|
| 541 |
1 |
|
|e 00019925
|
| 650 |
|
0 |
|a English language
|x Study and teaching
|x Foreign speakers.
|
| 650 |
|
0 |
|a Language arts
|x Correlation with content subjects.
|
| 650 |
|
0 |
|a Interdisciplinary approach in education.
|
| 700 |
1 |
|
|a Brinton, Donna.
|
| 700 |
1 |
|
|a Master, Peter Antony.
|
| 710 |
2 |
|
|a Teachers of English to Speakers of Other Languages.
|
| 852 |
4 |
|
|a Ayesha Abed Library
|j General Shelf.
|
| 999 |
|
|
|c 7697
|d 7697
|
| 952 |
|
|
|0 0
|1 0
|2 ddc
|4 0
|6 428_007000000000000_NEW_1997
|7 0
|9 8444
|a BRACUL
|b BRACUL
|c GEN
|d 2010-03-04
|l 2
|o 428.007 NEW
|p 3010019925
|r 2010-03-16
|s 2010-03-16
|t 1
|w 2010-03-04
|y BK
|